Minecraft All Other Editions - Statistics

General Stats
  • This quiz has been taken 18 times
  • The average score is 7 of 9
Answer Stats
Hint Answer % Correct
Microsoft Xbox One
100%
Nintendo Nintendo Switch
93%
Sony PlayStation 3
93%
Sony PlayStation 4
93%
Microsoft Xbox 360
93%
Nintendo Nintendo 3DS
80%
Nintendo Nintendo Wii U
80%
Sony PlayStation Vita
47%
Apple Apple TV
20%
No matching quizzes found
Score Distribution
Percent of People with Each Score
Percentile by Number Answered
Your Score History
You have not taken this quiz